Normal view
MARC view
Entry Corporate Name
001 - CONTROL NUMBER
- control field: 513541
003 - CONTROL NUMBER IDENTIFIER
- control field:
005 - DATE AND TIME OF LATEST TRANSACTION
- control field: 20210602165041.0
008 - FIXED-LENGTH DATA ELEMENTS
- fixed length control field: 210602|| aca||aabn | a|a d
040 ## - CATALOGING SOURCE
- Original cataloging agency:
- Transcribing agency:
110 ## - HEADING--CORPORATE NAME
- Corporate name or jurisdiction name as entry element: Binghamton University, State University of New York, 2001 -- Dissertations
670 ## - SOURCE DATA FOUND
- Source citation: Work cat.: (): Graham, Diane Shafer 358014, Planting, planning and design :, 2007
